| 000 | 01625cam a22003854a 4500 | ||
|---|---|---|---|
| 001 | 13626612 | ||
| 003 | OSt | ||
| 005 | 20140310184400.0 | ||
| 008 | 040617s2005 nyuab j b 001 0 eng | ||
| 010 | _a 2004051040 | ||
| 020 | _a0439862736 | ||
| 040 |
_aDLC _cDLC _dDLC |
||
| 042 |
_apcc _alcac |
||
| 043 | _ae-gx--- | ||
| 050 | 0 | 0 |
_aDD 253.5 _b.B37 2006 |
| 100 | 1 |
_aBartoletti, Susan Campbell. _925745 |
|
| 245 | 1 | 0 |
_aHitler youth : _bgrowing up in Hitler's shadow / _cSusan Campbell Bartoletti. |
| 260 |
_aNew York : _bScholastic Inc., _c2006. |
||
| 300 |
_a176 p. : _bill. ; _c23 cm. |
||
| 500 | _aIncludes bibliographical references (p. 169-173) and index. | ||
| 521 | _aG10 | ||
| 526 | _c1050 | ||
| 610 | 2 | 0 |
_aHitler-Jugend _vJuvenile literature. _925746 |
| 650 | 0 |
_aNational socialism and youth _vJuvenile literature. _925747 |
|
| 650 | 0 |
_aJewish youth _zGermany _xHistory _y20th century _vJuvenile literature. _925748 |
|
| 650 | 0 |
_aHolocaust, Jewish (1939-1945) _zGermany _vJuvenile literature. _925749 |
|
| 650 | 0 |
_aJewish children in the Holocaust _vJuvenile literature. _925750 |
|
| 856 | 4 | 2 |
_3Publisher description _uhttp://www.loc.gov/catdir/description/schol051/2004051040.html |
| 906 |
_a7 _bcbc _corignew _d1 _eocip _f20 _gy-gencatlg |
||
| 942 |
_2lcc _cBK-SCHOLAS |
||
| 999 |
_c34036 _d34036 |
||